000 01012nam a22002651u 4500
001 07014
003 HDC
007 cr bn ---
008 210126p2016 o d 00 engg
040 _aHDC
245 0 _aHALAL MARKET OPPORTUNITIES / by
_bHamidon Hamzah
260 _a[No Place] :
_b[publisher not identified],
_c2016
300 _a24 pages :
_billustrations
336 _atext
_2rdacontent
337 _acomputer
_2rdamedia
338 _aonline resource
_2rdacarrier
650 _aHalal market
_9582
650 _amuslim consumer
_9584
700 _aHamidon Hamzah
_eauthor
_96395
856 _zRequest full-text at [email protected]
856 _zRequest full-text at [email protected]
942 _2lcc
942 _cSLIDE
942 _kSLID 000239
999 _c4338
_d4338